000 00260nam a2200109Ia 4500
008 200302s9999 xx 000 0 und d
100 _aCecil Balmond
245 _aInformal - Cecil Balmond
260 _bPrestel Publishing Ltd.
260 _c2002
300 _a393 P
999 _c4365
_d4365